ბათუმის შოთა რუსთაველის სახელმწიფო უნივერსიტეტის ბიბლიოთეკა

სექსუალური ჰარმონია / (ბიბ.ჩანაწერი № 61951)

000 -ლიდერი
ფიქსირებული სიგრძის საკონტროლო ველი 00865nam a22001937a 4500
003 - საკონტროლო ნომრის იდენტიფიკატორი
საკონტროლო ველი Ge_BSU
005 - ბოლო ოპერაციის თარიღი და დრო
საკონტროლო ველი 20240614112050.0
008 - ფიქსირებული სიგრძის მონაცემთა ელემენტები - ზოგადი ინფორმაცია
ფიქსირებული სიგრძის საკონტროლო ველი 240614s1991 ge ||||| |||| 00| 0 geo d
041 ## - ენის კოდი
Language code of text/sound track or separate title geo
080 ## - უნივერსალური ათობითი კლასიფიკაციის ინდექსი
Universal Decimal Classification number 613.89 + 612.6 ლ-55
100 ## - მთავარი ჩანაწერი - პიროვნების სახელი
Personal name ლიბიხი, ს.ს.
9 (RLIN) 22430
245 ## - ცნობა სათაურის შესახებ
Title სექსუალური ჰარმონია /
Statement of responsibility, etc ს.ს. ლიბიხი, [თარგმნა ე. ნიკოლაძემ].
264 ## - წარმოების, გამოცემის, დისტრიბუციის და სხვა ცნობები
გამოცემის, წარმოების, დისტრიბუციის... ადგილი ბათუმი :
გამოცემის, წარმოების, დისტრიბუციის... სახელწოდება ჟურნ. "ჭოროხი"-ს გამოცემა,
გამოცემის, წარმოების, დისტრიბუციის... თარიღი 1991.
300 ## - ფიზიკური აღწერა
Extent 64 გვ. ;
Other physical details 20 სმ.
653 ## - INDEX TERM--UNCONTROLLED
Uncontrolled term სექსუალური ჰარმონია
653 ## - INDEX TERM--UNCONTROLLED
Uncontrolled term სექსუალური ცხოვრების ჰიგიენა
700 ## - ADDED ENTRY--PERSONAL NAME
Personal name ნიკოლაძე, ე.
Relator term მთარგმნელი
9 (RLIN) 22431
942 ## - ADDED ENTRY ELEMENTS (KOHA)
Source of classification or shelving scheme
Koha item type წიგნი
ეგზემპლარები
ჩამოწერის სტატუსი დაკარგული ეგზემპლარის სტატუსი კლასიფიკაციის წყარო ან თაროზე გაწყობის სქემა დაზიანების სტატუსი არ გაიცემა მუდმივი მდებარეობა (დაცვის ადგილი) ამჟამინდელი ადგილსამყოფელი თაროზე განთავსების ადგილი შეძენის თარიღი ღირებულება, შესყიდვის ნორმალური ფასი სრული შენახვის შიფრი შტრიხკოდი ბოლო ოპერაციის თარიღი ეგზემპლარის მიმდევრობითი ნომერი (კეტერი?) ფასის ძალაში შესვლის თარიღი ეგზემპლარის სახეობა საჯარო შენიშვნა
          ბათუმის შოთა რუსთაველის სახელმწიფო უნივერსიტეტის მთავარი ბიბლიოთეკა ბათუმის შოთა რუსთაველის სახელმწიფო უნივერსიტეტის მთავარი ბიბლიოთეკა წიგნსაცავი 2024-06-14 2.00 613.89 + 612.6 ლ-55 68182 2024-06-14 68182 2024-06-14 წიგნი 2 ლ.
          ბათუმის შოთა რუსთაველის სახელმწიფო უნივერსიტეტის მთავარი ბიბლიოთეკა ბათუმის შოთა რუსთაველის სახელმწიფო უნივერსიტეტის მთავარი ბიბლიოთეკა წიგნსაცავი 2024-06-14 2.00 613.89 + 612.6 ლ-55 68185 2024-06-14 68185 2024-06-14 წიგნი 2 ლ.
          ბათუმის შოთა რუსთაველის სახელმწიფო უნივერსიტეტის მთავარი ბიბლიოთეკა ბათუმის შოთა რუსთაველის სახელმწიფო უნივერსიტეტის მთავარი ბიბლიოთეკა წიგნსაცავი 2024-06-14 2.00 613.89 + 612.6 ლ-55 68183 2024-06-14 68183 2024-06-14 წიგნი 2 ლ.
          ბათუმის შოთა რუსთაველის სახელმწიფო უნივერსიტეტის მთავარი ბიბლიოთეკა ბათუმის შოთა რუსთაველის სახელმწიფო უნივერსიტეტის მთავარი ბიბლიოთეკა წიგნსაცავი 2024-06-14 2.00 613.89 + 612.6 ლ-55 68184 2024-06-14 68184 2024-06-14 წიგნი 2 ლ.